000 00789pam a2200265 i 4500
001 1774604
003 OSt
005 20140310181628.0
008 770223s1977 nyuaf 000 0ceng
010 _a 77002129
020 _a0671227084
040 _aDLC
_cDLC
_dDLC
050 0 0 _aCT 120
_b.Ei37 1997
082 0 0 _aHS 920.02
_bEi8 1977
100 1 _aEisenhower, Julie Nixon.
_914517
245 1 0 _aSpecial people /
_cby Julie Nixon Eisenhower.
260 _aNew York :
_bSimon and Schuster,
_cc1977.
300 _a217 p., [8] leaves of plates :
_bill. ;
_c25 cm.
521 _aFirst year to Fourth year students
526 _c1000L to 1310L
650 0 _aBiography
_y20th century.
_914518
906 _a7
_bcbc
_corignew
_d1
_eocip
_f19
_gy-gencatlg
942 _2lcc
_cHS
999 _c418
_d418